Legendy Serie A - Statystyki

Ogólne statystyki
  • Ten quiz został rozwiązany 252 razy
  • Średni wynik to 5 z 7
Statystyki odpowiedzi
Hint Odpowiedź % Poprawnych
Piłkarz kojarzony obecnie ze swojego zamiłowania do narkotyków. Podczas MŚ 1986 strzelił gola ręką na wagę awansu dalej swojego kraju i późniejszego wygrania turnieju. Razem z włoskim klubem zdobył dwukrotnie Mistrzostwo Włoch. Diego Maradona
95%
Obecnie numer z którym grał jest zastrzerzony w klubie, żeby oddać hołd legendzie.Jego ojciec również grał w tym klubie, a obecnie karierę tam zaczyna jego syn. W ciągu swojej kariery rozegrał ponad 1000 meczy. Paolo Maldini
92%
Zawodnik z największą ilością meczy i goli w historii Juventusu.W ciągu kariery przegrał aż trzy finały Ligi Mistrzów. Zakończył karierę w 2014 roku, ale z Juve pożegnał się już w 2012 roku. Alessandro Del Piero
90%
Od 15 lat jest podstawowym obrońcą Starej Damy. Podczas MŚ 2014 został ugryziony w bark przez Luisa Suareza. Jest ośmiokrotnym Mistrzem Serie A, a jego największy sukces z reprezentacją to Wicemistrzostwo Europy. Giorgio Chiellini
90%
Przez 7 lat bronił barw Interu Mediolan. Kojarzony z prowokacją w stronę Zlatana Ibrahimovicia kiedy ten wykonywał rzut karny. Zdobywał z Interem ich najważniejsze trofea w XXI wieku. Julio Cesar
63%
Ma bardziej znanego od siebie brata. Zdobywca Scudetto w 2000 roku z klubem z Rzymu. Od 2016 roku jest trenerem zespołu z którym świętował największe sukcesy. Simone Inzaghi
63%
Grał w swoim zespole przez 16 lat. Z reprezentacją wygrał MŚ, ale nie wygrał Serie A. Uczestnik remontady z Barceloną w ćwierćfinale Ligi Mistrzów 2017/18. Na koniec kariery poleciał na jeden sezon do Argentyny i tam właśnie zakończył karierę. Daniele de Rossi
56%
Nie znaleziono quizów pasujących do podanych kryteriów
Rozkład punktacji
Procent ludzi z każdym wynikiem
Percentyl według liczby udzielonych odpowiedzi
Twoja historia wyników
Nie rozwiązałeś tego quizu